| 000 | 00488 a2200181 4500 | ||
|---|---|---|---|
| 082 |
_a294.538 _bP192h |
||
| 100 |
_aPandey, Raj Bali _924533 |
||
| 245 |
_aHindu samskaras: _ba socio-religious study of the Hindu sacraments |
||
| 260 |
_aBanaras _bVikrama Pub. _c1949 |
||
| 300 | _axxvii,546p. | ||
| 500 | _aDoctor of letters thesis | ||
| 504 | _aP.495-518 | ||
| 650 | _aHinduism | ||
| 650 | _aSpiritual atmosphere | ||
| 650 | _aVedic period | ||
| 653 | _aReligion | ||
| 942 |
_2ddc _cGEN |
||
| 999 |
_c61635 _d61623 |
||